| 000 | 00542nam a2200193Ia 4500 | ||
|---|---|---|---|
| 003 | LK-CoDNM | ||
| 005 | 20241212103848.0 | ||
| 008 | 101005t2008 xxu||||| |||| 00| 0 sin d | ||
| 040 |
_aLK-CoDNM _dLK-CoDNM _eLK-CoDNM |
||
| 041 | _asin | ||
| 080 |
_aX8S1 _bJAY |
||
| 100 | _aJayasinghe, Prabhath | ||
| 245 | _aඅනවරත (ආඛ්යාන කාව්යය) | ||
| 246 | _aAnavaratha ( Aakyana kavyaya) | ||
| 260 | _c2008 | ||
| 300 | _b200p. ; 21 cm | ||
| 650 | _aකාව්ය නිර් මාණ | ||
| 942 | _cBK | ||
| 999 |
_c74496 _d74496 |
||